00744nam a2200217 a 450000100100000000500170001000800410002704000250006808200150009310000410010824500990014925000120024826000410026030000210030149000130032270000320033583000200036704900090038795201130039699900170050900002306420200930021950.0101125s1973 bl r 000 j spa d aDO-SdBNPbspacBNPHU axxxbA368s1 aAlencar, José Martiniano de94747910aSenhora :bromance brasileiro /cJosé Martiniano de Alencar; ilustración de Louis Specker. a13a ed. aSão Paulo :bMelhoramentos,c1973. a287 p. ;c20 cm. aPanorama1 aSpecker, Louis,eil.947480 0aPanorama920255 aBNGR 001050718MOaGRbGRcCTd2010-11-25iLF1l0oxxx A368sp23064-10r2020-06-25w2020-06-25y1ZNo se presta c22561d22561